Normal view MARC view
  • Biography --Muhammad Khair ud Din Sabir Multani

Entry Topical Term

Number of records used in: 2

001 - CONTROL NUMBER

  • control field: 14767

003 - CONTROL NUMBER IDENTIFIER

  • control field: NUST

005 - DATE AND TIME OF LATEST TRANSACTION

  • control field: 20190612111732.0

008 - FIXED-LENGTH DATA ELEMENTS

  • fixed length control field: 190612|| aca||aabn | a|a d

040 ## - CATALOGING SOURCE

  • Original cataloging agency: NUST
  • Transcribing agency: NUST

150 ## - HEADING--TOPICAL TERM

  • Topical term or geographic name entry element: Biography --Muhammad Khair ud Din Sabir Multani

670 ## - SOURCE DATA FOUND

  • Source citation: Work cat.: (NUST): Abdul Baqi 14766, Yad gar -e- Sabir /, 2014.
© 2023 Central Library, National University of Sciences and Technology. All Rights Reserved.